Score 0/10 Timer 05:00
0 Plays Today
Curator % Correct
gazzso
86.7%
jrage2009
66.7%
bowsntoys
60%
Scott
53.3%
THEJMAN
50%
needapausebutton
46.7%
THEJMAN & vikZ
46.7%
THEJMAN
40%
NJSB
40%
zalkon2004
40%
Remove Ads.
Support Sporcle.
Get the best of Sporcle when you Go Orange. This ad-free experience offers more features, more stats, and more fun while also helping to support Sporcle. Thank you for becoming a member.

You're not logged in!

Compare scores with friends on all Sporcle quizzes.
OR
Log In

Show Comments

Extras

Top Quizzes Today


Score Distribution

Your Account Isn't Verified!

In order to create a playlist on Sporcle, you need to verify the email address you used during registration. Go to your Sporcle Settings to finish the process.

Report this User

Report this user for behavior that violates our Community Guidelines.

Details: